<?xml version="1.0" encoding="UTF-8"?>
<collection xmlns="http://www.loc.gov/MARC21/slim">
 <record>
  <leader>01025cam a2200253 7i4500</leader>
  <controlfield tag="001">0000058324</controlfield>
  <controlfield tag="005">20240820090000.0</controlfield>
  <controlfield tag="007">  Monographs</controlfield>
  <controlfield tag="008">240820           eng</controlfield>
  <datafield tag="020" ind1=" " ind2=" ">
   <subfield code="a">9789833703913 (hbk) </subfield>
  </datafield>
  <datafield tag="090" ind1="0" ind2="0">
   <subfield code="a">DS596.4 </subfield>
   <subfield code="b">MEK 2024</subfield>
  </datafield>
  <datafield tag="245" ind1="1" ind2="0">
   <subfield code="a">Mekar dan berbuah Ulang Tahun ke-50 Hubungan Diplomatik antara Malaysia and China=Blossoming and Fruiting 50th Anniversary of Diplomatic Relations between Malaysia and China  </subfield>
   <subfield code="c">editors Ting Sii Ing, Chen Lin Loong, Dorairaj Nadason, Beh Yuen Hui, Niezam Abdullah.</subfield>
  </datafield>
  <datafield tag="264" ind1=" " ind2="1">
   <subfield code="a">Petaling Jaya Selangor: </subfield>
   <subfield code="b">Sin Chiew Daily, </subfield>
   <subfield code="c">2024.</subfield>
  </datafield>
  <datafield tag="300" ind1=" " ind2=" ">
   <subfield code="a">271 pages.: </subfield>
   <subfield code="b">colors; photos; </subfield>
   <subfield code="c">25 cm.</subfield>
  </datafield>
  <datafield tag="336" ind1=" " ind2=" ">
   <subfield code="a">text</subfield>
   <subfield code="2">rdacontent</subfield>
  </datafield>
  <datafield tag="337" ind1=" " ind2=" ">
   <subfield code="a">unmediated</subfield>
   <subfield code="2">rdamedia</subfield>
  </datafield>
  <datafield tag="338" ind1=" " ind2=" ">
   <subfield code="a">volume</subfield>
   <subfield code="2">rdacarrier</subfield>
  </datafield>
  <datafield tag="504" ind1="0" ind2="0">
   <subfield code="a">Includes bibliographical references and index</subfield>
  </datafield>
  <datafield tag="650" ind1="0" ind2="0">
   <subfield code="a">Malaysia -- </subfield>
   <subfield code="x">Foreign relations -- </subfield>
   <subfield code="y">China </subfield>
  </datafield>
  <datafield tag="650" ind1="0" ind2="0">
   <subfield code="a">China -- </subfield>
   <subfield code="x">Foreign relations -- </subfield>
   <subfield code="y">Malaysia </subfield>
  </datafield>
  <datafield tag="700" ind1="1" ind2=" ">
   <subfield code="a">Ting Sii Ing </subfield>
  </datafield>
  <datafield tag="700" ind1="1" ind2=" ">
   <subfield code="a">Chen Lin Long </subfield>
  </datafield>
  <datafield tag="700" ind1="1" ind2=" ">
   <subfield code="a">Dorairaj Nadason </subfield>
  </datafield>
  <datafield tag="700" ind1="1" ind2=" ">
   <subfield code="a">Niezam Abdullah </subfield>
  </datafield>
 </record>
</collection>
